000 00427nam a2200145Ia 4500
008 100122s9999 xx 000 0 und d
082 _b10810
_a338.954
100 _aलेले आनंद माधव
245 _aउद्योग भारत
260 _bय.गो.जोशी
_c1961
300 _a138
630 _aउद्योग भारत
730 _aउद्योग भारत
942 _cBOOK
999 _c402392
_d402389